000 00513nam a22001937a 4500
008 150520b xxu||||| |||| 00| 0 eng d
020 _a0393955699
041 0 _aeng
080 _a31
100 1 _aMansfield, Edwin.
245 1 0 _aStatistics for business and economics :
_cEdwin Mansfield.
250 _a3rd ed.
260 _aNew York :
_bNorton,
_cc1987.
300 _a698 f.:
_bme il.;
_c27 cm.
650 0 _aStatistika
650 0 _aBiznes
650 0 _aEkonomi
942 _2udc
_cBK
999 _c859
_d859